• 首页
  • 本馆介绍
  • 公告通知
  • 最新文献
  • 馆藏检索
  • 电子资源
  • 读者导购
  • 参考咨询
  • 我的图书馆
  • 登录
  • 详细信息显示
  • 放入我的书架
  • 预约/预借图书
  • 作者相关作品
  • 分类相关作品
  • 丛书相关作品
  • 出版社相关作品

书目信息

  • 表格格式
  • 工作单格式
  • 卡片格式
题名:
尚书思想研究
    
 
作者: 游唤民 著
分册:  
出版信息: 长沙   湖南教育出版社  2001
页数: 253页
开本: 19cm
丛书名:
单 册:
中图分类: K221.04
科图分类:
主题词: 中国--古代史--奴隶社会 , 尚书--哲学思想--研究
电子资源:
ISBN: 7-5355-3388-4
000 00585nam0 2200205 45
001 0309231037
005 20031219104116.0
010    @a7-5355-3388-4@dCNY13.40
100    @a20030923d2001 km y0chiy0120 ea
101 0  @achi
105    @a z 000yy
200 1  @a尚书思想研究@AShang Shu Si Xiang Yan Jiu@f游唤民著@FYou Huan Min Zhu
210    @a长沙@c湖南教育出版社@d2001
215    @a253页@d19cm
606 0  @a中国@x古代史@x奴隶社会
606 0  @a尚书@x哲学思想@x研究
690    @aK221.04@v4
701    @a游唤民@4著
801    @aCN@bTSTC@c20030923
905    @b326211-213@dK221.04@e19@f3
    
    尚书思想研究/游唤民著.-长沙:湖南教育出版社,2001
    253页;19cm
    
    
    ISBN 7-5355-3388-4:CNY13.40
    
●
相关链接 在E读中查询图书 在五车中查询图书 在当当中查询图书 在豆瓣中查询图书


正题名:尚书思想研究     索取号:K221.04/19         预约/预借

序号 登录号 条形码 馆藏地/架位号 状态 备注
1 0326211   203262110   第二借阅区/ [索取号:K221.04/19] 在馆    
2 0326212   203262129   第二借阅区/ [索取号:K221.04/19] 在馆    
3 0326213   203262138   第二样本阅览室/ [索取号:K221.04/19] 在馆    
唐山师范学院图书馆 欢迎您!
大连网信软件有限公司© 版权所有